000 00562nam a2200181Ia 4500
003 IN-BaIIA
008 211028s9999 xx 000 0 eng d
040 _cIIA Library
080 _a92:52
_bLEO
100 _aReidel, A.
_912819
245 0 _aArt, science and technology, the genius of leonardo
_cA. Reidel
260 _aDordrecht
_bD. Reidel Publishing
_c1974
300 _a133p.
500 _aDonated by Mrs. Bappu
650 _aBiography-Leonardo Da Vinci
_912820
650 _aNASA Thesaurus
942 _cBK
999 _c7545
_d7545